ბათუმის შოთა რუსთაველის სახელმწიფო უნივერსიტეტის ბიბლიოთეკა

Нумизматика античного Причерноморья : (ბიბ.ჩანაწერი № 61169)

000 -LEADER
fixed length control field 00689nam a22001577a 4500
005 - DATE AND TIME OF LATEST TRANSACTION
control field 20231226171117.0
008 - FIXED-LENGTH DATA ELEMENTS--GENERAL INFORMATION
fixed length control field 231226s1982 ru ||||| |||| 00| 0 rus d
041 ## - LANGUAGE CODE
Language code of text/sound track or separate title rus
080 ## - UNIVERSAL DECIMAL CLASSIFICATION NUMBER
Universal Decimal Classification number 731.1 H-87
245 ## - TITLE STATEMENT
Title Нумизматика античного Причерноморья :
Remainder of title Сборник научных трудов /
Statement of responsibility, etc. АН УССР, Одес. археол. музей.
264 ## - PRODUCTION, PUBLICATION, DISTRIBUTION, MANUFACTURE, AND COPYRIGHT NOTICE
Place of production, publication, distribution, manufacture Киев :
Name of producer, publisher, distributor, manufacturer Наук. думка,
Date of production, publication, distribution, manufacture, or copyright notice 1982.
300 ## - PHYSICAL DESCRIPTION
Extent 164 с. :
Other physical details ил. :
Dimensions 22 cm.
653 ## - INDEX TERM--UNCONTROLLED
keyword შავი ზღვის რეგიონის ნუმიზმატიკა
710 ## - ADDED ENTRY--CORPORATE NAME
Corporate name or jurisdiction name as entry element АН УССР,
Date of meeting or treaty signing Одес. археол. музей.
9 (RLIN) 20902
942 ## - ADDED ENTRY ELEMENTS (KOHA)
Source of classification or shelving scheme
Koha item type წიგნი
ეგზემპლარები
Withdrawn status Lost status Source of classification or shelving scheme Damaged status Not for loan Permanent Location Current Location Shelving location Date acquired Cost, normal purchase price Full call number Barcode Date last seen Copy number Uniform Resource Identifier Price effective from Koha item type Public note
          ბათუმის შოთა რუსთაველის სახელმწიფო უნივერსიტეტის მთავარი ბიბლიოთეკა ბათუმის შოთა რუსთაველის სახელმწიფო უნივერსიტეტის მთავარი ბიბლიოთეკა წიგნსაცავი 2023-12-26 4.00 731.1 H-87 65696 2023-12-26 65696 ბსუ-ს საპატიო დოქტორის გურამ ლორთქიფანიძის საჩუქარი 2023-12-26 წიგნი 4 ლ.